00916nam a2200205Ia 450000500170000000800410001702000180005805000190007608200240009510000400011924500690015926000350022830000430026350400520030650502150035865000310057365000360060465000270064070000430066720231102151739.0120626s2009 mx a 000 0 spa d a978970151410804aLB1044.87bR55 a371.33 bR579r 2009 aRincón Córcoles, Antonioeautor10aRecursos didácticos en la Webc / Antonio Rincón Córcoles3 aMéxicob : Alfaomegac, 2009 aviii, 184 páginasb : illustraciones aIncluye: recursos didácticos web (pp.161-184) aHacia una sociedad del conocimiento Recursos didácticos de gobiernos e instituciones Otros portales y recursos educativos Material didáctico complementario Teleformación e idiomas Direcciones de interés10aINTERNET EN LA EDUCACIÓN20aINTERNETxESTUDIO Y ENSEÑANZA30aTECNOLOGÍA EDUCATIVA aPlágaro Repollés, Julio Ma.eautor